| 000 | 00603nam a2200217Ia 4500 | ||
|---|---|---|---|
| 005 | 20230116112231.0 | ||
| 008 | 140110s9999 xx 000 0 und d | ||
| 020 |
_a9780670084784 _cRs.1299.00 |
||
| 040 | _aLoreto College | ||
| 041 | _aEnglish | ||
| 082 |
_a954 _bERA |
||
| 100 | _aEraly,Abraham | ||
| 245 | 4 |
_aThe first spring _bThe golden age of India _cAbraham Eraly |
|
| 260 |
_aNew Delhi _bViking _c2011 |
||
| 300 | _axvi,936p | ||
| 504 | _aIncludes bibliographical references and index | ||
| 650 | _aIndia-History | ||
| 651 | _aIndia-Culture and society | ||
| 850 | _aLCLIB | ||
| 942 | _cBK | ||
| 999 |
_c37584 _d88063 |
||